[Event "Wroclaw"]
[Site "?"]
[Date "2020.08.27"]
[Round "6.6"]
[White "Bachor, Tomasz"]
[Black "Baum, Jonasz"]
[Result "1/2-1/2"]
[BlackElo "2187"]
[WhiteElo "1812"]
[LiveChessVersion "1.4.8"]

1. d4 {[%clk 0:03:03]} e6 {[%clk 0:03:04]} 2. e4 {[%clk 0:03:01]} d5
{[%clk 0:03:04]} 3. e5 {[%clk 0:03:02]} c5 {[%clk 0:03:05]} 4. c3
{[%clk 0:03:03]} Qb6 {[%clk 0:03:06]} 5. Nf3 {[%clk 0:03:02]} Bd7
{[%clk 0:03:06]} 6. a3 {[%clk 0:03:02]} Bb5 {[%clk 0:02:43]} 7. Bxb5+
{[%clk 0:02:27]} Qxb5 {[%clk 0:02:44]} 8. Qe2 {[%clk 0:02:27]} Qxe2+
{[%clk 0:02:16]} 9. Kxe2 {[%clk 0:02:28]} Nc6 {[%clk 0:01:55]} 10. b4
{[%clk 0:02:23]} cxd4 {[%clk 0:01:48]} 11. cxd4 {[%clk 0:02:24]} Nge7
{[%clk 0:01:38]} 12. Be3 {[%clk 0:02:20]} Nc8 {[%clk 0:01:19]} 13. Nbd2
{[%clk 0:01:42]} Nb6 {[%clk 0:01:19]} 14. Rhc1 {[%clk 0:01:37]} Be7
{[%clk 0:01:00]} 15. Ne1 {[%clk 0:01:36]} Kd7 {[%clk 0:00:51]} 16. Nd3
{[%clk 0:01:36]} Na4 {[%clk 0:00:21]} 17. Nc5+ {[%clk 0:01:14]} Nxc5
{[%clk 0:00:17]} 18. bxc5 {[%clk 0:01:15]} f6 {[%clk 0:00:17]} 19. f4
{[%clk 0:01:13]} g5 {[%clk 0:00:17]} 20. g3 {[%clk 0:01:11]} gxf4
{[%clk 0:00:17]} 21. gxf4 {[%clk 0:01:11]} Rhg8 {[%clk 0:00:18]} 22. Rg1
{[%clk 0:01:11]} f5 {[%clk 0:00:17]} 23. Rab1 {[%clk 0:01:04]} Kc7
{[%clk 0:00:17]} 24. Rg3 {[%clk 0:00:50]} Rxg3 {[%clk 0:00:09]} 25. hxg3
{[%clk 0:00:51]} Rg8 {[%clk 0:00:06]} 26. Kf3 b6 27. Rh1 {[%clk 0:00:43]} Rg7
{[%clk 0:00:09]} 28. Rh6 {[%clk 0:00:35]} bxc5 {[%clk 0:00:09]} 29. dxc5
{[%clk 0:00:32]} d4 {[%clk 0:00:10]} 30. Bf2 {[%clk 0:00:31]} Bxc5
{[%clk 0:00:07]} 31. Rxe6 {[%clk 0:00:29]} Bxa3 {[%clk 0:00:08]} 32. Nb3
{[%clk 0:00:24]} d3 {[%clk 0:00:05]} 33. Ke3 {[%clk 0:00:21]} a5 {[%clk 0:00:05]}
34. Kxd3 {[%clk 0:00:20]} a4 {[%clk 0:00:07]} 35. Nd2 {[%clk 0:00:17]} Bb4
{[%clk 0:00:05]} 36. Nc4 {[%clk 0:00:13]} a3 {[%clk 0:00:06]} 37. Kc2
{[%clk 0:00:13]} Na5 {[%clk 0:00:03]} 38. Bb6+ {[%clk 0:00:12]} Kb7
{[%clk 0:00:04]} 39. Bxa5 {[%clk 0:00:13]} Bc5 {[%clk 0:00:04]} 40. Be1
{[%clk 0:00:12]} a2 {[%clk 0:00:04]} 41. Kb2 {[%clk 0:00:13]} Rd7
{[%clk 0:00:05]} 42. Kxa2 {[%clk 0:00:14]} Rd1 {[%clk 0:00:05]} 43. Bc3
{[%clk 0:00:14]} Rd3 {[%clk 0:00:05]} 44. Kb3 {[%clk 0:00:13]} Bd4
{[%clk 0:00:05]} 45. Re7+ {[%clk 0:00:11]} Kc6 {[%clk 0:00:04]} 46. Na5+
{[%clk 0:00:11]} Kb5 {[%clk 0:00:04]} 47. Rb7+ {[%clk 0:00:08]} Ka6
{[%clk 0:00:05]} 48. Rc7 {[%clk 0:00:09]} Bb6 {[%clk 0:00:05]} 49. Rc6
{[%clk 0:00:09]} Kb5 {[%clk 0:00:05]} 50. Rxb6+ {[%clk 0:00:09]} Kxb6
{[%clk 0:00:06]} 51. Nc4+ {[%clk 0:00:10]} Kc7 {[%clk 0:00:06]} 52. Nd6
{[%clk 0:00:11]} Rxg3 {[%clk 0:00:05]} 53. Nxf5 {[%clk 0:00:12]} Rf3
{[%clk 0:00:06]} 54. e6 {[%clk 0:00:10]} Rxf4 55. Ng7 {[%clk 0:00:08]} Re4
{[%clk 0:00:07]} 56. Bf6 {[%clk 0:00:07]} h5 {[%clk 0:00:05]} 57. e7
{[%clk 0:00:08]} Kd7 {[%clk 0:00:05]} 58. e8=Q+ {[%clk 0:00:08]} Rxe8
{[%clk 0:00:06]} 59. Nxe8 {[%clk 0:00:09]} Kxe8 {[%clk 0:00:07]} 1/2-1/2

[Event "Wroclaw"]
[Site "?"]
[Date "2020.08.27"]
[Round "6.7"]
[White "Kozlowski, Michal"]
[Black "Grzesik, Gracjan"]
[Result "1-0"]
[BlackElo "1927"]
[WhiteElo "1745"]
[LiveChessVersion "1.4.8"]

1. e4 {[%clk 0:03:03]} c5 {[%clk 0:03:03]} 2. Ne2 {[%clk 0:03:04]} d6
{[%clk 0:03:01]} 3. d4 {[%clk 0:03:05]} cxd4 {[%clk 0:03:02]} 4. Nxd4
{[%clk 0:03:05]} Nf6 {[%clk 0:03:02]} 5. f3 {[%clk 0:03:06]} a6 {[%clk 0:03:00]}
6. c4 {[%clk 0:03:07]} e5 {[%clk 0:03:01]} 7. Nc2 {[%clk 0:03:08]} Be6
{[%clk 0:03:01]} 8. Nc3 {[%clk 0:03:08]} Be7 {[%clk 0:03:00]} 9. Be3
{[%clk 0:03:09]} O-O {[%clk 0:02:55]} 10. Be2 {[%clk 0:03:10]} Nbd7
{[%clk 0:02:50]} 11. O-O {[%clk 0:03:07]} Qc7 {[%clk 0:02:49]} 12. Nd5
{[%clk 0:02:59]} Bxd5 {[%clk 0:02:48]} 13. cxd5 {[%clk 0:03:00]} Rfc8
{[%clk 0:02:28]} 14. Rc1 {[%clk 0:02:53]} Qa5 {[%clk 0:02:27]} 15. Na3
{[%clk 0:02:38]} b5 {[%clk 0:01:30]} 16. Qd2 {[%clk 0:02:37]} Qxd2
{[%clk 0:01:11]} 17. Bxd2 {[%clk 0:02:37]} Bd8 {[%clk 0:01:10]} 18. Be3
{[%clk 0:02:36]} Nc5 {[%clk 0:00:16]} 19. b3 {[%clk 0:02:20]} Bb6
{[%clk 0:00:11]} 20. Kf2 {[%clk 0:02:17]} Kf8 {[%clk 0:00:08]} 21. Nc2
{[%clk 0:02:15]} Ncd7 {[%clk 0:00:05]} 22. Nb4 {[%clk 0:02:09]} Bc5
{[%clk 0:00:05]} 23. Nc6 {[%clk 0:02:06]} Ke8 {[%clk 0:00:04]} 24. b4
{[%clk 0:01:53]} Bxe3+ {[%clk 0:00:05]} 25. Kxe3 {[%clk 0:01:53]} Nb8
{[%clk 0:00:06]} 26. Na5 {[%clk 0:01:27]} Kd7 {[%clk 0:00:05]} 27. Rxc8
{[%clk 0:01:26]} Kxc8 {[%clk 0:00:06]} 28. Rc1+ {[%clk 0:01:27]} Kd7
{[%clk 0:00:06]} 29. g3 {[%clk 0:01:23]} Ne8 {[%clk 0:00:05]} 30. f4
{[%clk 0:01:24]} Ra7 {[%clk 0:00:04]} 31. Bg4+ {[%clk 0:01:24]} Ke7
{[%clk 0:00:04]} 32. Rc8 {[%clk 0:01:22]} Nf6 {[%clk 0:00:04]} 33. Rxb8
{[%clk 0:01:11]} Nxg4+ {[%clk 0:00:05]} 34. Kf3 {[%clk 0:01:12]} Nxh2+
{[%clk 0:00:05]} 35. Kg2 {[%clk 0:01:13]} Rc7 36. Nc6+ {[%clk 0:01:13]} Kd7
{[%clk 0:00:07]} 37. Rd8# 1-0

[Event "Wroclaw"]
[Site "?"]
[Date "2020.08.27"]
[Round "6.8"]
[White "Kossowski, Pawel"]
[Black "Luczak, Filip"]
[Result "0-1"]
[BlackElo "1891"]
[WhiteElo "1429"]
[LiveChessVersion "1.4.8"]

1. e4 {[%clk 0:03:03]} c5 {[%clk 0:03:04]} 2. d4 {[%clk 0:03:04]} cxd4
{[%clk 0:03:06]} 3. c3 {[%clk 0:03:05]} dxc3 {[%clk 0:03:07]} 4. Nxc3 Nc6 5. Nf3
{[%clk 0:03:07]} e6 {[%clk 0:03:09]} 6. Bc4 {[%clk 0:03:07]} a6 {[%clk 0:03:11]}
7. O-O {[%clk 0:03:07]} Nge7 {[%clk 0:03:12]} 8. Qe2 {[%clk 0:02:57]} Ng6
{[%clk 0:03:09]} 9. Bb3 {[%clk 0:02:53]} Be7 {[%clk 0:03:05]} 10. Rd1
{[%clk 0:02:51]} O-O {[%clk 0:03:01]} 11. Be3 {[%clk 0:02:52]} b5
{[%clk 0:02:29]} 12. Rac1 {[%clk 0:02:51]} Na5 {[%clk 0:02:22]} 13. Bc2
{[%clk 0:02:39]} Nc4 {[%clk 0:02:22]} 14. Bb3 {[%clk 0:02:24]} Nxe3
{[%clk 0:01:58]} 15. Qxe3 {[%clk 0:02:25]} Bb7 {[%clk 0:01:53]} 16. Rd3
{[%clk 0:01:56]} Bc6 {[%clk 0:01:28]} 17. Nd4 {[%clk 0:01:51]} Bg5
{[%clk 0:00:57]} 18. Qe2 {[%clk 0:01:07]} Bxc1 {[%clk 0:00:47]} 19. Nxc6
{[%clk 0:01:08]} Qc7 {[%clk 0:00:45]} 20. Nb4 {[%clk 0:00:54]} Nf4
{[%clk 0:00:37]} 21. Qd1 {[%clk 0:00:47]} Nxd3 {[%clk 0:00:36]} 22. Nxd3
{[%clk 0:00:48]} Bxb2 {[%clk 0:00:32]} 23. Nxb5 {[%clk 0:00:45]} axb5
{[%clk 0:00:31]} 24. Nxb2 {[%clk 0:00:45]} Rac8 {[%clk 0:00:31]} 25. Nd3
{[%clk 0:00:44]} Qd6 {[%clk 0:00:27]} 26. f3 {[%clk 0:00:38]} Rc3
{[%clk 0:00:27]} 27. Nf2 {[%clk 0:00:32]} Qxd1+ {[%clk 0:00:27]} 28. Nxd1
{[%clk 0:00:33]} Rc7 {[%clk 0:00:28]} 29. Kf2 {[%clk 0:00:33]} Rfc8
{[%clk 0:00:28]} 30. Ne3 {[%clk 0:00:31]} Kf8 {[%clk 0:00:29]} 31. Ke2
{[%clk 0:00:29]} Ke7 {[%clk 0:00:26]} 32. Kd3 {[%clk 0:00:25]} Ra8
{[%clk 0:00:24]} 33. Nc2 {[%clk 0:00:26]} d6 {[%clk 0:00:20]} 34. Nd4
{[%clk 0:00:26]} Rb8 {[%clk 0:00:20]} 35. a4 {[%clk 0:00:18]} bxa4
{[%clk 0:00:16]} 36. Bxa4 {[%clk 0:00:18]} Rbc8 {[%clk 0:00:16]} 37. Nb5
{[%clk 0:00:12]} Rc5 {[%clk 0:00:16]} 38. h4 {[%clk 0:00:08]} Ra8
{[%clk 0:00:13]} 39. Nc3 {[%clk 0:00:05]} Rxc3+ {[%clk 0:00:15]} 40. Kxc3
{[%clk 0:00:06]} Rxa4 0-1

[Event "Wroclaw"]
[Site "?"]
[Date "2020.08.27"]
[Round "6.9"]
[White "Fiedorek, Michal"]
[Black "Lichorad, Mateusz"]
[Result "0-1"]
[BlackElo "1656"]
[WhiteElo "1831"]
[LiveChessVersion "1.4.8"]

1. e4 {[%clk 0:03:03]} c5 {[%clk 0:03:03]} 2. Nf3 {[%clk 0:03:04]} e6
{[%clk 0:03:04]} 3. d4 {[%clk 0:03:04]} cxd4 {[%clk 0:03:05]} 4. Nxd4
{[%clk 0:03:04]} Nc6 {[%clk 0:03:06]} 5. Nc3 {[%clk 0:03:05]} Qc7
{[%clk 0:03:07]} 6. Be2 {[%clk 0:03:04]} a6 {[%clk 0:03:07]} 7. O-O
{[%clk 0:03:02]} Nf6 {[%clk 0:03:07]} 8. Be3 {[%clk 0:03:02]} Be7
{[%clk 0:03:07]} 9. f4 {[%clk 0:02:49]} d6 {[%clk 0:03:07]} 10. a4
{[%clk 0:02:47]} O-O {[%clk 0:02:51]} 11. Kh1 {[%clk 0:02:46]} Bd7
{[%clk 0:02:16]} 12. Qe1 {[%clk 0:02:46]} Nxd4 {[%clk 0:01:51]} 13. Bxd4
{[%clk 0:02:41]} Bc6 {[%clk 0:01:38]} 14. Qg3 {[%clk 0:02:16]} g6
{[%clk 0:01:19]} 15. Bd3 {[%clk 0:02:14]} Nh5 {[%clk 0:00:59]} 16. Qf2
{[%clk 0:01:50]} e5 {[%clk 0:00:50]} 17. Bb6 {[%clk 0:01:42]} Qd7
{[%clk 0:00:46]} 18. f5 {[%clk 0:01:34]} Bg5 {[%clk 0:00:37]} 19. Bc4
{[%clk 0:01:19]} Kg7 {[%clk 0:00:32]} 20. Rad1 {[%clk 0:01:08]} f6
{[%clk 0:00:30]} 21. Be6 {[%clk 0:01:05]} Qe7 {[%clk 0:00:29]} 22. Nd5
{[%clk 0:00:54]} Bxd5 {[%clk 0:00:28]} 23. Bxd5 {[%clk 0:00:55]} Nf4
{[%clk 0:00:26]} 24. g3 {[%clk 0:00:54]} Nxd5 {[%clk 0:00:27]} 25. Rxd5
{[%clk 0:00:55]} Rac8 {[%clk 0:00:25]} 26. c3 {[%clk 0:00:55]} Rc4
{[%clk 0:00:24]} 27. Qc2 {[%clk 0:00:36]} Rfc8 {[%clk 0:00:22]} 28. Rfd1
{[%clk 0:00:36]} R4c6 {[%clk 0:00:22]} 29. a5 {[%clk 0:00:37]} gxf5
{[%clk 0:00:21]} 30. exf5 {[%clk 0:00:37]} e4 {[%clk 0:00:22]} 31. Re1
{[%clk 0:00:32]} Rxb6 {[%clk 0:00:15]} 32. axb6 {[%clk 0:00:30]} e3
{[%clk 0:00:16]} 33. Qd3 {[%clk 0:00:29]} Rc6 {[%clk 0:00:15]} 34. h4
{[%clk 0:00:26]} Bh6 {[%clk 0:00:16]} 35. Rd4 {[%clk 0:00:24]} Qe5
{[%clk 0:00:13]} 36. Kg2 {[%clk 0:00:16]} Rxb6 {[%clk 0:00:13]} 37. Re4
{[%clk 0:00:16]} Rxb2+ {[%clk 0:00:14]} 38. Kh1 {[%clk 0:00:11]} Qxg3
{[%clk 0:00:13]} 39. Re7+ {[%clk 0:00:10]} Kf8 {[%clk 0:00:14]} 40. Re2
{[%clk 0:00:08]} Rb1+ {[%clk 0:00:14]} 0-1

[Event "Wroclaw"]
[Site "?"]
[Date "2020.08.27"]
[Round "7.1"]
[White "Czernek, Tymon"]
[Black "Skurniak, Szymon"]
[Result "0-1"]
[BlackElo "1963"]
[WhiteElo "2067"]
[LiveChessVersion "1.4.8"]

1. e4 {[%clk 0:03:03]} d6 {[%clk 0:03:04]} 2. d4 {[%clk 0:03:04]} Nf6
{[%clk 0:03:05]} 3. Nc3 {[%clk 0:03:05]} e5 {[%clk 0:03:06]} 4. Nf3
{[%clk 0:03:05]} Nbd7 {[%clk 0:03:08]} 5. Be2 {[%clk 0:03:03]} c6
{[%clk 0:03:08]} 6. O-O {[%clk 0:03:00]} Be7 {[%clk 0:03:09]} 7. Re1
{[%clk 0:02:56]} O-O {[%clk 0:03:10]} 8. h3 {[%clk 0:02:57]} b5 {[%clk 0:02:58]}
9. a3 {[%clk 0:02:57]} Qc7 {[%clk 0:02:58]} 10. d5 {[%clk 0:02:41]} a6
{[%clk 0:02:58]} 11. dxc6 {[%clk 0:02:42]} Qxc6 {[%clk 0:02:58]} 12. Nd5
{[%clk 0:02:38]} Nxd5 {[%clk 0:02:56]} 13. exd5 {[%clk 0:02:39]} Qc7
{[%clk 0:02:51]} 14. a4 {[%clk 0:02:08]} bxa4 {[%clk 0:02:41]} 15. Rxa4
{[%clk 0:01:57]} Nb6 16. Ra1 {[%clk 0:01:58]} Bb7 {[%clk 0:02:43]} 17. c3
{[%clk 0:01:02]} Nxd5 {[%clk 0:02:37]} 18. Bg5 {[%clk 0:00:36]} h6
{[%clk 0:02:38]} 19. Bxe7 {[%clk 0:00:28]} Nxe7 {[%clk 0:02:32]} 20. Qd2
{[%clk 0:00:21]} Ng6 {[%clk 0:02:12]} 21. Ra4 {[%clk 0:00:10]} Nf4
{[%clk 0:02:12]} 22. Bd1 {[%clk 0:00:09]} f5 {[%clk 0:01:52]} 23. Rxf4
{[%clk 0:00:10]} exf4 {[%clk 0:01:53]} 24. Qxf4 {[%clk 0:00:11]} Rae8
{[%clk 0:01:50]} 25. Bb3+ {[%clk 0:00:11]} Kh8 {[%clk 0:01:39]} 26. Rxe8
{[%clk 0:00:12]} Rxe8 {[%clk 0:01:40]} 27. Qxf5 {[%clk 0:00:13]} Bxf3
{[%clk 0:01:27]} 28. Qxf3 {[%clk 0:00:13]} d5 {[%clk 0:01:21]} 29. g3
{[%clk 0:00:09]} d4 {[%clk 0:01:22]} 30. cxd4 {[%clk 0:00:08]} Qc1+
{[%clk 0:01:24]} 31. Kg2 {[%clk 0:00:09]} Qxb2 {[%clk 0:01:24]} 32. Bf7
{[%clk 0:00:10]} Rf8 {[%clk 0:01:23]} 33. Qd5 {[%clk 0:00:06]} Qb6
{[%clk 0:01:11]} 34. Be6 {[%clk 0:00:06]} Rd8 {[%clk 0:01:09]} 35. Qf5
{[%clk 0:00:05]} Qxd4 {[%clk 0:01:08]} 36. Qg6 {[%clk 0:00:06]} Qf6
{[%clk 0:01:07]} 37. Qg4 {[%clk 0:00:07]} Rf8 {[%clk 0:01:08]} 38. f4
{[%clk 0:00:07]} Qb2+ {[%clk 0:01:08]} 39. Kf3 {[%clk 0:00:08]} Qc3+
{[%clk 0:01:06]} 40. Kg2 {[%clk 0:00:08]} Rd8 {[%clk 0:01:06]} 41. h4
{[%clk 0:00:08]} Rd2+ {[%clk 0:00:50]} 42. Kh3 {[%clk 0:00:10]} Qd3
{[%clk 0:00:52]} 43. Qh5 {[%clk 0:00:06]} Qf1+ {[%clk 0:00:52]} 44. Kg4
{[%clk 0:00:08]} Qe2+ {[%clk 0:00:53]} 0-1

[Event "Wroclaw"]
[Site "?"]
[Date "2020.08.27"]
[Round "7.2"]
[White "Kacprzak, Karol"]
[Black "Koziorowicz, Michal"]
[Result "1/2-1/2"]
[BlackElo "2061"]
[WhiteElo "2012"]
[LiveChessVersion "1.4.8"]

1. d4 {[%clk 0:03:03]} f5 {[%clk 0:03:03]} 2. g3 {[%clk 0:03:04]} Nf6
{[%clk 0:03:03]} 3. Bg2 {[%clk 0:03:05]} e6 {[%clk 0:03:04]} 4. Nf3
{[%clk 0:03:06]} Be7 {[%clk 0:03:05]} 5. c4 {[%clk 0:03:07]} O-O {[%clk 0:03:05]}
6. O-O {[%clk 0:03:07]} d6 {[%clk 0:03:06]} 7. Nc3 {[%clk 0:03:08]} Ne4
{[%clk 0:03:07]} 8. Qc2 {[%clk 0:03:01]} Nxc3 {[%clk 0:03:08]} 9. Qxc3
{[%clk 0:02:54]} a5 {[%clk 0:03:10]} 10. Ne1 {[%clk 0:02:46]} Nc6
{[%clk 0:03:07]} 11. Nd3 {[%clk 0:02:41]} Bf6 {[%clk 0:03:02]} 12. e3
{[%clk 0:02:41]} Qe8 {[%clk 0:03:02]} 13. b4 {[%clk 0:02:31]} axb4
{[%clk 0:02:40]} 14. Nxb4 {[%clk 0:02:30]} e5 {[%clk 0:02:41]} 15. Nxc6
{[%clk 0:02:22]} bxc6 {[%clk 0:02:42]} 16. Bb2 {[%clk 0:02:08]} Rb8
{[%clk 0:02:41]} 17. Rab1 {[%clk 0:02:03]} exd4 {[%clk 0:02:35]} 18. exd4
{[%clk 0:02:03]} f4 {[%clk 0:02:29]} 19. Qd3 {[%clk 0:01:42]} c5 {[%clk 0:02:14]}
20. Bc3 {[%clk 0:01:37]} Rxb1 {[%clk 0:02:10]} 21. Rxb1 {[%clk 0:01:38]} Qh5
{[%clk 0:02:03]} 22. Re1 {[%clk 0:01:09]} Bf5 {[%clk 0:01:50]} 23. Be4
{[%clk 0:01:10]} Bxe4 {[%clk 0:01:50]} 24. Qxe4 {[%clk 0:01:11]} fxg3
{[%clk 0:01:49]} 25. hxg3 {[%clk 0:01:09]} Qf7 {[%clk 0:01:33]} 26. Qd3
{[%clk 0:01:01]} cxd4 {[%clk 0:01:19]} 27. Bxd4 {[%clk 0:01:02]} Bxd4
{[%clk 0:01:19]} 28. Qxd4 {[%clk 0:01:03]} Ra8 {[%clk 0:01:08]} 29. Re2
{[%clk 0:01:02]} Ra4 {[%clk 0:01:00]} 30. Rc2 {[%clk 0:00:58]} h6
{[%clk 0:01:00]} 31. Qe4 {[%clk 0:00:52]} Ra5 {[%clk 0:00:52]} 32. Re2
{[%clk 0:00:44]} Rc5 {[%clk 0:00:52]} 33. Qa8+ {[%clk 0:00:32]} Kh7
{[%clk 0:00:52]} 34. Qe4+ {[%clk 0:00:33]} Qg6 {[%clk 0:00:51]} 35. Qd4
{[%clk 0:00:27]} Qg5 {[%clk 0:00:36]} 36. Qd3+ {[%clk 0:00:25]} Qf5
{[%clk 0:00:35]} 37. Qd4 {[%clk 0:00:26]} Qf6 {[%clk 0:00:28]} 38. Qd3+
{[%clk 0:00:26]} Qg6 {[%clk 0:00:29]} 39. Qd4 {[%clk 0:00:28]} Qf6
{[%clk 0:00:23]} 40. Qd3+ 1/2-1/2

[Event "Wroclaw"]
[Site "?"]
[Date "2020.08.27"]
[Round "7.3"]
[White "Niedbala, Bartlomiej"]
[Black "Kozlowski, Michal"]
[Result "1-0"]
[BlackElo "1745"]
[WhiteElo "2131"]
[LiveChessVersion "1.4.8"]

1. Nf3 {[%clk 0:03:03]} Nf6 {[%clk 0:03:03]} 2. g3 {[%clk 0:03:04]} g6
{[%clk 0:03:04]} 3. c4 {[%clk 0:03:04]} Bg7 {[%clk 0:03:04]} 4. Bg2
{[%clk 0:03:05]} c5 {[%clk 0:03:05]} 5. O-O {[%clk 0:03:05]} O-O {[%clk 0:03:05]}
6. d3 {[%clk 0:02:59]} Nc6 {[%clk 0:03:05]} 7. Nc3 {[%clk 0:03:00]} d6
{[%clk 0:03:05]} 8. a3 {[%clk 0:02:59]} e5 {[%clk 0:03:04]} 9. Ne1
{[%clk 0:02:59]} Ne8 {[%clk 0:02:59]} 10. Nc2 {[%clk 0:03:00]} a5
{[%clk 0:02:48]} 11. Ne3 {[%clk 0:03:00]} f5 {[%clk 0:02:47]} 12. Ned5
{[%clk 0:03:01]} Nf6 {[%clk 0:02:43]} 13. Bg5 {[%clk 0:03:02]} h6
{[%clk 0:02:39]} 14. Nxf6+ {[%clk 0:03:01]} Bxf6 {[%clk 0:02:38]} 15. Bxh6
{[%clk 0:03:01]} Re8 {[%clk 0:02:38]} 16. Bd2 {[%clk 0:02:57]} Be6
{[%clk 0:02:36]} 17. Nd5 {[%clk 0:02:57]} Bg7 {[%clk 0:02:36]} 18. Bc3
{[%clk 0:02:58]} Rb8 {[%clk 0:02:32]} 19. e3 {[%clk 0:02:45]} Na7
{[%clk 0:02:05]} 20. Qa4 {[%clk 0:02:43]} b6 {[%clk 0:01:49]} 21. b4
{[%clk 0:02:35]} b5 {[%clk 0:01:27]} 22. Qxa5 {[%clk 0:02:29]} Qxa5
{[%clk 0:01:27]} 23. bxa5 {[%clk 0:02:31]} bxc4 {[%clk 0:01:27]} 24. dxc4
{[%clk 0:02:32]} Rb3 {[%clk 0:01:22]} 25. Nc7 {[%clk 0:02:04]} Reb8
{[%clk 0:00:58]} 26. Nxe6 {[%clk 0:01:58]} Rxc3 {[%clk 0:00:59]} 27. Nxg7
{[%clk 0:01:51]} Kxg7 {[%clk 0:00:59]} 28. Bd5 {[%clk 0:01:52]} Kf6
{[%clk 0:00:51]} 29. Rfb1 {[%clk 0:01:45]} Rcb3 {[%clk 0:00:52]} 30. Rxb3
{[%clk 0:01:46]} Rxb3 {[%clk 0:00:53]} 31. a6 {[%clk 0:01:47]} Rb6
{[%clk 0:00:26]} 32. Bb7 {[%clk 0:01:48]} Nc6 {[%clk 0:00:18]} 33. a4
{[%clk 0:01:35]} Na7 {[%clk 0:00:17]} 34. a5 {[%clk 0:01:22]} Rb4
{[%clk 0:00:18]} 35. Bd5 {[%clk 0:01:23]} Ke7 {[%clk 0:00:18]} 36. h4
{[%clk 0:01:24]} Kf6 {[%clk 0:00:17]} 37. Kg2 {[%clk 0:01:25]} e4
{[%clk 0:00:16]} 38. Ra2 {[%clk 0:01:18]} Ke5 {[%clk 0:00:16]} 39. Kh3
{[%clk 0:01:08]} Rb1 {[%clk 0:00:14]} 40. Kg2 {[%clk 0:00:56]} Rb4
{[%clk 0:00:15]} 41. Rd2 {[%clk 0:00:53]} Ra4 {[%clk 0:00:11]} 42. Bf7
{[%clk 0:00:54]} Kf6 {[%clk 0:00:11]} 43. Rxd6+ {[%clk 0:00:55]} Kxf7
{[%clk 0:00:10]} 44. Rd7+ {[%clk 0:00:57]} Ke6 {[%clk 0:00:10]} 45. Rxa7
{[%clk 0:00:58]} Rxa5 {[%clk 0:00:12]} 46. Rg7 {[%clk 0:00:48]} Kf6
{[%clk 0:00:13]} 47. Rc7 {[%clk 0:00:49]} Rxa6 {[%clk 0:00:12]} 48. Rxc5
{[%clk 0:00:50]} Ra1 {[%clk 0:00:12]} 49. Rc6+ {[%clk 0:00:50]} Kf7
{[%clk 0:00:13]} 50. Rc7+ {[%clk 0:00:36]} Kf6 {[%clk 0:00:10]} 51. c5
{[%clk 0:00:32]} Rc1 {[%clk 0:00:10]} 52. Rc8 {[%clk 0:00:33]} Kg7
{[%clk 0:00:10]} 53. c6 {[%clk 0:00:35]} Kh7 {[%clk 0:00:11]} 54. c7
{[%clk 0:00:32]} Kg7 {[%clk 0:00:12]} 55. g4 {[%clk 0:00:34]} fxg4
{[%clk 0:00:12]} 56. Kg3 {[%clk 0:00:35]} Rc3 {[%clk 0:00:05]} 57. Kxg4
{[%clk 0:00:36]} Rc2 {[%clk 0:00:06]} 58. Kg3 {[%clk 0:00:36]} Kh7
{[%clk 0:00:05]} 59. Kf4 {[%clk 0:00:31]} Rxf2+ {[%clk 0:00:05]} 60. Kxe4
{[%clk 0:00:32]} Rc2 {[%clk 0:00:06]} 61. Ke5 {[%clk 0:00:30]} Kg7
{[%clk 0:00:07]} 62. e4 {[%clk 0:00:32]} Rc6 {[%clk 0:00:07]} 63. Kd5
{[%clk 0:00:29]} Rc1 {[%clk 0:00:08]} 64. e5 {[%clk 0:00:30]} Rd1+ 65. Ke6 Rc1
{[%clk 0:00:08]} 66. Rd8 {[%clk 0:00:32]} Rxc7 {[%clk 0:00:04]} 67. Rd7+
{[%clk 0:00:33]} Rxd7 {[%clk 0:00:04]} 68. Kxd7 {[%clk 0:00:34]} 1-0

[Event "Wroclaw"]
[Site "?"]
[Date "2020.08.27"]
[Round "7.4"]
[White "Kacprzak, Kacper"]
[Black "Ochedzan, Tymon"]
[Result "0-1"]
[BlackElo "1972"]
[WhiteElo "2035"]
[LiveChessVersion "1.4.8"]

1. e4 {[%clk 0:03:04]} c6 {[%clk 0:03:03]} 2. d4 {[%clk 0:03:04]} d5
{[%clk 0:03:04]} 3. e5 {[%clk 0:03:06]} c5 {[%clk 0:03:05]} 4. dxc5
{[%clk 0:03:07]} e6 {[%clk 0:03:05]} 5. Nf3 {[%clk 0:03:04]} Bxc5
{[%clk 0:03:01]} 6. Bd3 {[%clk 0:03:05]} Ne7 {[%clk 0:02:56]} 7. O-O
{[%clk 0:03:05]} Ng6 {[%clk 0:02:48]} 8. Qe2 {[%clk 0:03:02]} Nc6
{[%clk 0:02:36]} 9. a3 {[%clk 0:03:04]} O-O {[%clk 0:02:31]} 10. Bg5
{[%clk 0:02:56]} Qc7 {[%clk 0:02:14]} 11. Re1 {[%clk 0:02:53]} b6
{[%clk 0:02:10]} 12. h4 {[%clk 0:02:47]} Be7 {[%clk 0:01:16]} 13. Bxe7
{[%clk 0:02:34]} Qxe7 {[%clk 0:01:12]} 14. h5 {[%clk 0:02:34]} Nf4
{[%clk 0:01:11]} 15. Qe3 {[%clk 0:02:34]} Nxd3 {[%clk 0:01:08]} 16. Qxd3
{[%clk 0:02:31]} a5 {[%clk 0:01:08]} 17. h6 {[%clk 0:02:29]} g6 {[%clk 0:01:06]}
18. Nbd2 {[%clk 0:02:29]} Ba6 {[%clk 0:01:06]} 19. Qe3 {[%clk 0:02:30]} Rab8
{[%clk 0:01:02]} 20. Nb3 {[%clk 0:02:27]} Rfc8 {[%clk 0:01:01]} 21. Nbd4
{[%clk 0:02:27]} Nxd4 {[%clk 0:00:56]} 22. Nxd4 {[%clk 0:02:28]} b5
{[%clk 0:00:52]} 23. Qf4 {[%clk 0:02:25]} Rc4 {[%clk 0:00:45]} 24. b3
{[%clk 0:02:26]} Rc5 {[%clk 0:00:37]} 25. Re3 {[%clk 0:02:20]} b4
{[%clk 0:00:38]} 26. axb4 {[%clk 0:02:11]} Rxb4 {[%clk 0:00:39]} 27. c3
{[%clk 0:02:11]} Rb7 {[%clk 0:00:37]} 28. b4 {[%clk 0:02:06]} Rc4
{[%clk 0:00:36]} 29. Rxa5 {[%clk 0:02:06]} Rb6 {[%clk 0:00:29]} 30. Qg3
{[%clk 0:01:37]} Kf8 {[%clk 0:00:24]} 31. f4 {[%clk 0:01:36]} Ke8
{[%clk 0:00:25]} 32. Qe1 {[%clk 0:01:33]} Qc7 {[%clk 0:00:25]} 33. Qa1
{[%clk 0:01:31]} Bb7 {[%clk 0:00:26]} 34. Kh2 {[%clk 0:01:24]} Ke7
{[%clk 0:00:24]} 35. Nb5 {[%clk 0:01:13]} Qc6 {[%clk 0:00:22]} 36. Nd4
{[%clk 0:01:12]} Qc7 {[%clk 0:00:22]} 37. Qa3 {[%clk 0:01:07]} Ke8
{[%clk 0:00:23]} 38. Qa4+ {[%clk 0:01:08]} Qd7 {[%clk 0:00:23]} 39. Qa3
{[%clk 0:01:02]} Qc8 {[%clk 0:00:21]} 40. g3 {[%clk 0:00:49]} Ra6
{[%clk 0:00:22]} 41. Rxa6 {[%clk 0:00:46]} Bxa6 {[%clk 0:00:23]} 42. b5
{[%clk 0:00:39]} Bb7 {[%clk 0:00:24]} 43. Qd6 {[%clk 0:00:39]} Qc7
{[%clk 0:00:24]} 44. Qxc7 Rxc7 {[%clk 0:00:25]} 45. Kg2 {[%clk 0:00:31]} Kd7
{[%clk 0:00:25]} 46. g4 {[%clk 0:00:32]} Rc4 {[%clk 0:00:26]} 47. Kg3
{[%clk 0:00:32]} Kc7 {[%clk 0:00:27]} 48. Kh4 {[%clk 0:00:33]} Kb6
{[%clk 0:00:27]} 49. Kg5 {[%clk 0:00:35]} Bc8 {[%clk 0:00:25]} 50. Kf6
{[%clk 0:00:36]} Rc7 {[%clk 0:00:26]} 51. Kg7 {[%clk 0:00:23]} f5+
{[%clk 0:00:28]} 52. Kf6 {[%clk 0:00:24]} fxg4 {[%clk 0:00:28]} 53. Rg3
{[%clk 0:00:24]} Bd7 {[%clk 0:00:28]} 54. Rxg4 {[%clk 0:00:18]} Bxb5
{[%clk 0:00:25]} 55. Nxb5 {[%clk 0:00:15]} Kxb5 56. Kxe6 {[%clk 0:00:16]} Kc5
{[%clk 0:00:27]} 57. Kf6 {[%clk 0:00:13]} Kc6 {[%clk 0:00:22]} 58. Rg2
{[%clk 0:00:08]} Kd7 {[%clk 0:00:23]} 59. Re2 {[%clk 0:00:04]} Ke8
{[%clk 0:00:23]} 60. Re3 {[%clk 0:00:03]} Rc4 {[%clk 0:00:23]} 61. e6 Rxf4+ 62.
Kg7 Ra4 63. Kxh7 Ra7+ 64. Kxg6 Re7 65. h7 0-1